000 00567nam a2200181 a 4500
005 20140310183144.0
008 020824s19uu xx 00 eng d
020 _a9710860321
050 _aHF 5691
_b.M236 2000
100 _aMalaborbor, Pastor B.
245 _aMathematics of investment by scientific calculator /
_cPastor B. Malaborbor.
260 _aCaloocan City, Philippines :
_bJ-creative Label Enterprise,
_c2000.
521 _aBSBA
650 _aMathematics
_xproblems, exercies, etc.
650 _aInvestments
942 _cBK
_2lcc
_kLOC
999 _c19495
_d19495